| 000 | 00974nam0a22003011 4500 | ||
|---|---|---|---|
| 001 | rc\2121829 | ||
| 005 | 20110826153210.8 | ||
| 035 | _a(NLR Aleph) 006522030 | ||
| 090 |
_a6440754 _c6440754 |
||
| 100 | _a20110826d1979 |||y0rusy50 ca | ||
| 101 | 0 | _arus | |
| 102 | _aRU | ||
| 105 | _aa z |||c| | ||
| 200 | 1 |
_aПравда о неправде _eКритич. очерки по империалист. антисов. пропаганде 70-х гг. |
|
| 210 |
_aМосква _cПолитиздат _d1979 |
||
| 215 |
_a270 с. _cил. _d16 |
||
| 606 |
_aБуржуазная пропаганда _2psbo |
||
| 686 |
_aТ3(2)73-499,02 _2rubbk |
||
| 686 |
_aТ3(0)63-67,02 _2rubbk |
||
| 686 |
_a66.4(08) _2rubbk |
||
| 700 | 1 |
_aАртемов _bВ. Л. _gВладимир Львович |
|
| 801 | 0 |
_aRU _bNLR _gpsbo |
|
| 801 | 1 |
_aRU _bELAR _2rusmarc |
|
| 852 |
_aNLR _j79-2/1591 |
||
| 899 |
_aRuMoRGB _jB 79-45/29 |
||
| 899 |
_aRuMoRGB _jB 79-45/30 |
||
| 942 | _cBOOK | ||
| 980 | _aNB | ||